000 01067nam0a22002531 4500
001 rc\4335495
005 20130416133748.5
021 _aRU
_b[64-64919]
035 _a(NLR Aleph) 008213607
090 _a8111953
_c8111953
100 _a20130416d1964 |||y0rusy50 ca
101 0 _arus
102 _aRU
105 _aa z |||||
200 1 _aИсследование и конструирование унифицированных поршневых компрессоров холодильных машин
_eДоклад на соискание учен. степени кандидата техн. наук по совокупности опубл. работ
_fЛенингр. технол. ин-т холодильной пром-сти
210 _aЛенинград
_cБ. и.
_d1964
215 _a22 с., 1 л. табл.
320 _aБиблиогр.: с. 20-22
700 1 _aГуревич
_bЕ. С.
_gЕвгений Семенович
801 0 _aRU
_bNLR
_gpsbo
801 1 _aRU
_bELAR
_2rusmarc
852 _aNLR
_j64-4/16542
942 _cBOOK
980 _aNB